| 000 | 01193nam a22004337a 4500 | ||
|---|---|---|---|
| 001 | BR8105474 | ||
| 003 | BR-BrBNA | ||
| 005 | 20230928091037.0 | ||
| 007 | ta | ||
| 008 | 230509b bl.||||| |||| 00| 0 por d | ||
| 040 |
_aBR-BrBNA _bpor _cBiblioteca Nacional de Agricultura |
||
| 041 | _a(Por) | ||
| 072 |
_aF00; F27 _b1300 _b1500 _b1600 _b1700 _b1800 _b2200 |
||
| 090 | _ 1300 BR8105474 | ||
| 100 | 1 | _aCamargo, L. de S. | |
| 110 | 1 | _aFundacao Cargill, Campinas, SP (Brasil) | |
| 245 | 1 | _aAs hortalicas e seu cultivo [pratica cultural] | |
| 260 | 3 |
_aCampinas, SP (Brasil): _c1981. |
|
| 300 | _a321 p. | ||
| 500 | _a64 illus.; Bibliography p. 311-321 (110 ref.) | ||
| 650 | _aHORTA | ||
| 650 | _aHORTALICA | ||
| 650 | _aHORTALICA DE BULBO | ||
| 650 | _aHORTALICA FOLHOSA | ||
| 650 | _aLEGUME | ||
| 650 | _aPLANTA PARA CONDIMENTO | ||
| 650 | _aTAXONOMIA VEGETAL | ||
| 650 | _aADUBACAO | ||
| 650 | _aIRRIGACAO | ||
| 650 | _aSEMEADURA | ||
| 650 | _aDENSIDADE DE PLANTIO | ||
| 650 | _aESPACAMENTO | ||
| 650 | _aROTACAO DE CULTURA | ||
| 650 | _aDEFESA VEGETAL | ||
| 650 | _aHERBICIDA | ||
| 650 | _aCOLHEITA | ||
| 909 |
_a202309 _bLucia _c55 _dLucia Elande |
||
| 942 | _cBK | ||
| 999 |
_c31921 _d31921 |
||